Tyranny of the status quo

Uloženo v:
Podrobná bibliografie
Hlavní autor: Friedman, Milton
Médium: Kniha
Jazyk:Undetermined
Vydáno: San Diego Avon 1984
Témata:
Tagy: Přidat tag
Žádné tagy, Buďte první, kdo otaguje tento záznam!
Thư viện lưu trữ: Trung tâm Học liệu Trường Đại học Cần Thơ
LEADER 00473nam a2200181Ia 4500
001 CTU_79619
008 210402s9999 xx 000 0 und d
082 |a 330.973 
082 |b F899 
100 |a Friedman, Milton 
245 0 |a Tyranny of the status quo 
245 0 |c Milton & Rose Friedman 
260 |a San Diego 
260 |b Avon 
260 |c 1984 
650 |a economic policy 
650 |z united states 
980 |a Trung tâm Học liệu Trường Đại học Cần Thơ